[Event "Guernsey op 30th"]
[Site "Guernsey"]
[Date "2004.10.09"]
[Round "7"]
[White "Burrows, Martin P"]
[Black "Shabtai, Ran"]
[Result "1/2-1/2"]
[WhiteElo "2201"]
[BlackElo "2268"]
[PlyCount "49"]
[EventDate "2004.10.03"]
[EventType "swiss"]
[EventRounds "7"]
[EventCountry "GCI"]
[SourceTitle "CBM 102 Extra"]
[Source "ChessBase"]
[SourceDate "2004.11.03"]
[SourceVersion "1"]
[SourceVersionDate "2004.11.03"]
[SourceQuality "1"]

1. e4 e6 2. d4 d5 3. Nc3 Bb4 4. e5 c5 5. a3 Bxc3+ 6. bxc3 Qc7 7. Nf3 Ne7 8. h4 b6 9. h5 h6 10. a4 Ba6 11. Bb5+ Bxb5 12. axb5 a5 13. bxa6 Rxa6 14. Rxa6 Nxa6 15. Qd3 Nb8 16. 0-0 0-0 17. dxc5 bxc5 18. g4 Nd7 19. Re1 f6 20. exf6 Nxf6 21. Qa6 Nc6 22. Rxe6 Nd8 23. Ne5 Nxe6 24. Qxe6+ Kh7 25. Qf5+ 1/2-1/2

[Event "Guernsey op 30th"]
[Site "Guernsey"]
[Date "2004.10.03"]
[Round "1"]
[White "Burton, Ronnie"]
[Black "Shabtai, Ran"]
[Result "1/2-1/2"]
[WhiteElo "2051"]
[BlackElo "2268"]
[PlyCount "57"]
[EventDate "2004.10.03"]
[EventType "swiss"]
[EventRounds "7"]
[EventCountry "GCI"]
[SourceTitle "CBM 102 Extra"]
[Source "ChessBase"]
[SourceDate "2004.11.03"]
[SourceVersion "1"]
[SourceVersionDate "2004.11.03"]
[SourceQuality "1"]

1. d4 e6 2. Nf3 c5 3. c3 Nf6 4. Bg5 d5 5. e3 Nbd7 6. Nbd2 b6 7. Bb5 a6 8. Bc6 Ra7 9. Ne5 Be7 10. Bxd7+ Bxd7 11. Nxd7 Nxd7 12. Bxe7 Qxe7 13. 0-0 0-0 14. Re1 Rd8 15. Qe2 e5 16. dxe5 Nxe5 17. Nf3 Nxf3+ 18. Qxf3 Rad7 19. Rad1 g6 20. h3 Rd6 21. Qg4 b5 22. Kf1 Re6 23. Rd3 Re4 24. Qd1 Qe5 25. f3 Ra4 26. a3 Rh4 27. Qd2 c4 28. Rd4 Rxd4 29. exd4 1/2-1/2

[Event "ISR-chT"]
[Site "Israel"]
[Date "1999.01.15"]
[Round "2"]
[White "Psakhis, Lev"]
[Black "Shabtai, Ran"]
[Result "1-0"]
[WhiteElo "2560"]
[BlackElo "2295"]
[PlyCount "45"]
[EventDate "1999.01.??"]
[EventType "team"]
[EventRounds "11"]
[EventCountry "ISR"]
[SourceTitle "EXT 2000"]
[Source "ChessBase"]
[SourceDate "1999.11.16"]
[SourceVersion "1"]
[SourceVersionDate "1999.11.16"]
[SourceQuality "1"]

1. c4 Nf6 2. Nc3 g6 3. e4 e5 4. g3 Bg7 5. Bg2 0-0 6. Nge2 Nc6 7. d3 d6 8. 0-0 a6 9. f4 Bd7 10. h3 exf4 11. Nxf4 Nd4 12. Be3 Ne6 13. Nfe2 b5 14. b3 Rb8 15. Qd2 Re8 16. Rae1 b4 17. Nd1 Nc5 18. Rf2 h6 19. Ref1 g5 20. Bd4 Re6 21. Ne3 Be8 22. Nf5 Nh5 23. g4 1-0

[Event "Shavuot Masters"]
[Site "Tel Aviv"]
[Date "1997.06.14"]
[Round "8"]
[White "Shabtai, Ran"]
[Black "Shevelev, Arkady"]
[Result "0-1"]
[WhiteElo "2330"]
[BlackElo "2415"]
[PlyCount "52"]
[EventDate "1997.06.10"]
[EventType "tourn"]
[EventRounds "9"]
[EventCountry "ISR"]
[EventCategory "4"]
[SourceTitle "EXT 1999"]
[Source "ChessBase"]
[SourceDate "1998.11.16"]
[SourceVersion "1"]
[SourceVersionDate "1998.11.16"]
[SourceQuality "1"]

1. e4 c6 2. Nf3 d5 3. Nc3 Bg4 4. h3 Bxf3 5. Qxf3 Nf6 6. d3 e6 7. Qg3 Bb4 8. a3 Bxc3+ 9. bxc3 dxe4 10. Qxg7 Rg8 11. Qh6 Nbd7 12. dxe4 Qa5 13. Qe3 Nxe4 14. Bb2 Qb6 15. Qxb6 axb6 16. c4 Ndc5 17. g4 0-0-0 18. Bc1 Rd7 19. Bg2 Rd4 20. 0-0 Rxc4 21. Re1 Nf6 22. Bb2 Nxg4 23. Re2 Nh6 24. Kh2 Nf5 25. Rd1 Na4 26. Bf6 Nc3 0-1

[Event "Shavuot Masters"]
[Site "Tel Aviv"]
[Date "1997.06.13"]
[Round "7"]
[White "Vovsha, Eli"]
[Black "Shabtai, Ran"]
[Result "1/2-1/2"]
[WhiteElo "2205"]
[BlackElo "2330"]
[PlyCount "49"]
[EventDate "1997.06.10"]
[EventType "tourn"]
[EventRounds "9"]
[EventCountry "ISR"]
[EventCategory "4"]
[SourceTitle "EXT 1999"]
[Source "ChessBase"]
[SourceDate "1998.11.16"]
[SourceVersion "1"]
[SourceVersionDate "1998.11.16"]
[SourceQuality "1"]

1. Nf3 Nf6 2. c4 g6 3. Nc3 Bg7 4. e4 d6 5. d4 0-0 6. Be2 e5 7. 0-0 Nh5 8. Re1 Bg4 9. d5 Nd7 10. g3 h6 11. Kg2 f5 12. Nh4 Bxe2 13. Qxe2 Qe8 14. Nb5 Rc8 15. Nxa7 Ra8 16. Nb5 Rc8 17. Bd2 Bf6 18. Nf3 Kh7 19. Qe3 Bg7 20. exf5 gxf5 21. Qa7 e4 22. Nfd4 Nc5 23. Ne6 Nxe6 24. dxe6 Qxe6 25. Rac1 1/2-1/2

[Event "Shavuot Masters"]
[Site "Tel Aviv"]
[Date "1997.06.11"]
[Round "3"]
[White "Roiz, Michael"]
[Black "Shabtai, Ran"]
[Result "1-0"]
[WhiteElo "2175"]
[BlackElo "2330"]
[PlyCount "79"]
[EventDate "1997.06.10"]
[EventType "tourn"]
[EventRounds "9"]
[EventCountry "ISR"]
[EventCategory "4"]
[SourceTitle "EXT 1999"]
[Source "ChessBase"]
[SourceDate "1998.11.16"]
[SourceVersion "1"]
[SourceVersionDate "1998.11.16"]
[SourceQuality "1"]

1. Nf3 d5 2. d4 Nc6 3. Bf4 Bg4 4. e3 e6 5. Nbd2 Bd6 6. Bxd6 Qxd6 7. Be2 Nf6 8. 0-0 Bxf3 9. Nxf3 0-0 10. c4 dxc4 11. Bxc4 Rad8 12. Bb5 Ne7 13. Qc2 c6 14. Be2 Ng6 15. Rfd1 Qe7 16. Bd3 Nd7 17. Qb3 b6 18. Qa4 Qd6 19. b4 Ne7 20. a3 Qc7 21. Rac1 e5 22. Be4 exd4 23. exd4 Nf6 24. Bxc6 Nxc6 25. Qxc6 Qf4 26. Qc7 Qg4 27. h3 Qg6 28. Re1 Nd5 29. Qc2 Qf6 30. Re5 g6 31. Qe4 Qd6 32. h4 Kg7 33. Rc2 Nf6 34. Qc6 Qxc6 35. Rxc6 Rc8 36. b5 Rfd8 37. Re7 Kf8 38. Rxa7 Ra8 39. Rxa8 Rxa8 40. Rxf6 1-0

[Event "Shavuot Masters"]
[Site "Tel Aviv"]
[Date "1997.06.10"]
[Round "1"]
[White "Rabinovich, Alexander"]
[Black "Shabtai, Ran"]
[Result "1-0"]
[WhiteElo "2350"]
[BlackElo "2330"]
[PlyCount "67"]
[EventDate "1997.06.10"]
[EventType "tourn"]
[EventRounds "9"]
[EventCountry "ISR"]
[EventCategory "4"]
[SourceTitle "EXT 1999"]
[Source "ChessBase"]
[SourceDate "1998.11.16"]
[SourceVersion "1"]
[SourceVersionDate "1998.11.16"]
[SourceQuality "1"]

1. d4 Nf6 2. Bg5 Ne4 3. Bf4 d5 4. e3 Bf5 5. f3 Nf6 6. g4 Bg6 7. h4 h6 8. Bd3 Bxd3 9. Qxd3 c6 10. Ne2 e6 11. Nbc3 Na6 12. 0-0-0 Qa5 13. Kb1 0-0-0 14. a3 Nd7 15. Nc1 c5 16. Qb5 Qb6 17. Qxb6 axb6 18. Nb5 Ndb8 19. e4 cxd4 20. Na7+ Kd7 21. exd5 exd5 22. Rxd4 Nc7 23. Bxc7 Kxc7 24. Rhd1 Be7 25. h5 Nc6 26. Nb5+ Kb8 27. Rxd5 Rxd5 28. Rxd5 Bf6 29. Nd3 Re8 30. Rd7 Nd8 31. Nb4 Re1+ 32. Ka2 Rf1 33. Nd5 Bh4 34. Nxb6 1-0

[Event "Czerniak Memorial 12th"]
[Site "Tel Aviv"]
[Date "1996.??.??"]
[Round "1"]
[White "Har Zvi, Ronen"]
[Black "Shabtai, Ran"]
[Result "1-0"]
[WhiteElo "2510"]
[BlackElo "2340"]
[PlyCount "61"]
[EventDate "1996.04.??"]
[EventType "tourn"]
[EventRounds "11"]
[EventCountry "ISR"]
[EventCategory "9"]
[SourceTitle "CBM 053"]
[Source "ChessBase"]
[SourceDate "1996.08.01"]
[SourceVersion "1"]
[SourceVersionDate "1996.08.01"]
[SourceQuality "1"]

1. Nf3 d5 2. d4 c6 3. c4 e6 4. Bg5 Bb4+ 5. Nbd2 f6 6. a3 Bd6 7. Bh4 Ne7 8. e4 Nd7 9. Bg3 Bxg3 10. hxg3 c5 11. exd5 exd5 12. cxd5 Nxd5 13. Bc4 Qe7+ 14. Kf1 N7b6 15. Bxd5 Nxd5 16. Qc2 Be6 17. Re1 0-0-0 18. dxc5 Qd7 19. Nc4 Bf5 20. Qb3 Qc7 21. Nd6+ Rxd6 22. cxd6 Qxd6 23. Rh4 Kb8 24. Rd4 Rd8 25. Kg1 Qc5 26. Qd1 Bg6 27. Qd2 Bf7 28. Rd1 g5 29. Ne1 Rd7 30. Nc2 Be6 31. Ne3 1-0

[Event "Czerniak Memorial 12th"]
[Site "Tel Aviv"]
[Date "1996.??.??"]
[Round "10"]
[White "Kantsler, Boris"]
[Black "Shabtai, Ran"]
[Result "1-0"]
[WhiteElo "2475"]
[BlackElo "2340"]
[PlyCount "65"]
[EventDate "1996.04.??"]
[EventType "tourn"]
[EventRounds "11"]
[EventCountry "ISR"]
[EventCategory "9"]
[SourceTitle "CBM 053"]
[Source "ChessBase"]
[SourceDate "1996.08.01"]
[SourceVersion "1"]
[SourceVersionDate "1996.08.01"]
[SourceQuality "1"]

1. d4 Nf6 2. c4 e6 3. Nc3 Bb4 4. e3 0-0 5. Bd3 c5 6. Nge2 d5 7. 0-0 cxd4 8. exd4 dxc4 9. Bxc4 Nc6 10. a3 Be7 11. Qd3 b6 12. Bg5 Bb7 13. Rad1 Nd5 14. Bxd5 Bxg5 15. Be4 g6 16. Qf3 Qc8 17. d5 exd5 18. Bxd5 Nd8 19. Ne4 Bxd5 20. Rxd5 Be7 21. Rc1 Qb8 22. Rd7 Qe5 23. Rcc7 Re8 24. N4c3 Bd6 25. Rxd8 Bxc7 26. Rxa8 Qxh2+ 27. Kf1 Qh1+ 28. Ng1 Rxa8 29. Qxa8+ Kg7 30. Qxa7 Bh2 31. Nce2 Bxg1 32. Nxg1 Qh6 33. Qc7 1-0

[Event "Czerniak Memorial 12th"]
[Site "Tel Aviv"]
[Date "1996.??.??"]
[Round "2"]
[White "Manor, Ilan"]
[Black "Shabtai, Ran"]
[Result "1-0"]
[WhiteElo "2510"]
[BlackElo "2340"]
[PlyCount "49"]
[EventDate "1996.04.??"]
[EventType "tourn"]
[EventRounds "11"]
[EventCountry "ISR"]
[EventCategory "9"]
[SourceTitle "CBM 053"]
[Source "ChessBase"]
[SourceDate "1996.08.01"]
[SourceVersion "1"]
[SourceVersionDate "1996.08.01"]
[SourceQuality "1"]

1. d4 Nf6 2. c4 e6 3. Nf3 b6 4. a3 Bb7 5. Nc3 d5 6. cxd5 Nxd5 7. e3 Be7 8. Bb5+ c6 9. Bd3 0-0 10. 0-0 Nd7 11. e4 Nxc3 12. bxc3 c5 13. Qe2 Qc7 14. Re1 e5 15. d5 Nf6 16. c4 Ne8 17. Bb2 Bf6 18. Bc3 Nd6 19. Bxe5 Bxe5 20. Nxe5 Rae8 21. f4 f6 22. Nf3 Nxe4 23. Bxe4 f5 24. d6 Qxd6 25. Qd3 1-0

[Event "Gausdal Int"]
[Site "Gausdal"]
[Date "1995.??.??"]
[Round "6"]
[White "Djurhuus, Rune"]
[Black "Shabtai, Ran"]
[Result "1-0"]
[WhiteElo "2495"]
[BlackElo "2330"]
[PlyCount "53"]
[EventDate "1995.08.??"]
[EventType "swiss"]
[EventRounds "9"]
[EventCountry "NOR"]
[SourceTitle "CBM 047 Extra"]
[Source "ChessBase"]
[SourceDate "1995.09.01"]
[SourceVersion "1"]
[SourceVersionDate "1995.09.01"]
[SourceQuality "1"]

1. d4 d5 2. c4 e6 3. Nc3 c6 4. Nf3 Nf6 5. Bg5 dxc4 6. a4 Bb4 7. e4 b5 8. e5 h6 9. exf6 hxg5 10. fxg7 Rg8 11. h4 g4 12. h5 Rxg7 13. h6 Rh7 14. Ne5 Qg5 15. g3 Nd7 16. Bg2 Nxe5 17. dxe5 Bxc3+ 18. bxc3 Qxe5+ 19. Kf1 Bd7 20. axb5 Qxb5 21. Qxg4 0-0-0 22. Qd4 Qb6 23. Qxc4 Rdh8 24. Ra6 Qb1+ 25. Ke2 Qc2+ 26. Ke3 Rxh6 27. Bxc6 1-0

[Event "Gausdal Int"]
[Site "Gausdal"]
[Date "1995.??.??"]
[Round "2"]
[White "Shabtai, Ran"]
[Black "Jansa, Vlastimil"]
[Result "1-0"]
[WhiteElo "2330"]
[BlackElo "2525"]
[PlyCount "137"]
[EventDate "1995.08.??"]
[EventType "swiss"]
[EventRounds "9"]
[EventCountry "NOR"]
[SourceTitle "CBM 047 Extra"]
[Source "ChessBase"]
[SourceDate "1995.09.01"]
[SourceVersion "1"]
[SourceVersionDate "1995.09.01"]
[SourceQuality "1"]

1. d4 Nf6 2. c4 g6 3. Nc3 d5 4. cxd5 Nxd5 5. Bd2 Bg7 6. e4 Nb6 7. Be3 0-0 8. Be2 Nc6 9. Nf3 Bg4 10. d5 Bxf3 11. gxf3 Na5 12. Bd4 Qd6 13. Nb5 Qb4+ 14. Qd2 Qxd2+ 15. Kxd2 c6 16. Bxg7 Kxg7 17. dxc6 Nxc6 18. Rhd1 f5 19. Ke1 Rac8 20. Nd4 Kf6 21. a4 a5 22. Nxc6 Rxc6 23. b4 axb4 24. Rdb1 Nc4 25. Rxb4 Nd6 26. exf5 gxf5 27. f4 Rg8 28. Kf1 Rc3 29. f3 Rgc8 30. Kf2 Rc1 31. Ra3 R8c3 32. Rxc3 Rxc3 33. Bd1 Ke6 34. Rb2 Ra3 35. Re2+ Kd7 36. Re5 Ra1 37. Bb3 Kd8 38. a5 h6 39. Be6 Ra4 40. Kg3 Rd4 41. Bxf5 Nxf5+ 42. Rxf5 Ke8 43. Rb5 Ra4 44. Rxb7 Rxa5 45. Rb6 h5 46. Re6 Ra2 47. h4 Kf7 48. Re5 Ra1 49. Rxh5 Kf6 50. Rg5 Rg1+ 51. Kh2 Ra1 52. h5 Ra8 53. Kg3 Ra1 54. Rg4 Rh1 55. Rh4 Rg1+ 56. Kf2 Rg7 57. h6 Rh7 58. Kg3 Kf5 59. Rh5+ Kg6 60. Kg4 e6 61. Rg5+ Kf6 62. Kh5 Rh8 63. Rg7 Ra8 64. Rg6+ Kf7 65. h7 Ra2 66. Rg4 Ra8 67. Kh6 Ra2 68. Rg5 Ra8 69. Rg7+ 1-0